Destan
Disimpan dalam:
| Pengarang Utama: | |
|---|---|
| Format: | Audio |
| Bahasa: | Kurdish |
| Diterbitkan: |
Düsseldorf :
Mir Produktion,
[2001].
|
| Subjek-subjek: | |
| Penanda-penanda: |
Tambah Penanda
Tiada Penanda, Jadilah orang pertama menanda rekod ini!
|
| LEADER | 00908cjm a2200289 a 4500 | ||
|---|---|---|---|
| 001 | 009697352-8 | ||
| 005 | 20130304160352.0 | ||
| 008 | 020717s2001 gw mun kur d | ||
| 035 | 0 | |a ocn829366268 | |
| 040 | |a HMU |c HMU | ||
| 047 | |a sg |a fm | ||
| 100 | 1 | |a Tirej, Cemal. | |
| 245 | 1 | 0 | |a Destan |h [sound recording] / |c Cemal Tîrej. |
| 260 | |a Düsseldorf : |b Mir Produktion, |c [2001]. | ||
| 300 | |a 1 sound disc : |b digital ; |c 4 3/4 in. | ||
| 500 | |a Songs and folk songs. | ||
| 546 | |a Sung in Kurdish (Kirmanji). | ||
| 511 | 0 | |a Cemal Tîrej, vocals ; with acc. musicians. | |
| 500 | |a Music by C. Tîrej except for 3rd song, by Siyar Agrî. | ||
| 500 | |a Compact disc. | ||
| 505 | 0 | |a Dayê -- Nazdar -- Yare -- Narê -- Dîlê dîl -- Destan. | |
| 650 | 0 | |a Songs, Kurdish. | |
| 650 | 0 | |a Folk songs, Kurdish. | |
| 650 | 0 | |a Folk music |z Kurdistan. | |
| 650 | 0 | |a Kurds |v Music. | |
| 988 | |a 20050620 | ||
| 906 | |0 MH | ||


